Conciliación de conflictos interpersonales (Registro nro. 3062)
[ vista simple ]
| 000 -LEADER | |
|---|---|
| fixed length control field | 01086 a2200205 4500 |
| 001 - CONTROL NUMBER | |
| control field | 39534 |
| 005 - DATE AND TIME OF LATEST TRANSACTION | |
| control field | 20260407155653.0 |
| 008 - FIXED-LENGTH DATA ELEMENTS--GENERAL INFORMATION | |
| fixed length control field | 260407a1973 arg spa d |
| 003 - CONTROL NUMBER IDENTIFIER | |
| control field | AR-UNSa-BCEJYS |
| 040 ## - CATALOGING SOURCE | |
| Original cataloging agency | AR-UNSa-BCEJYS |
| Language of cataloging | spa |
| Transcribing agency | AR-UNSa-BCEJYS |
| 080 ## - UNIVERSAL DECIMAL CLASSIFICATION NUMBER | |
| Universal Decimal Classification number | 658.3 |
| Common auxiliary subdivision | Personal. Relaciones humanas en la empresa (Recursos Humanos) |
| 100 1# - MAIN ENTRY--PERSONAL NAME | |
| Personal name | Walton, Richard E. |
| 245 10 - TITLE STATEMENT | |
| Title | Conciliación de conflictos interpersonales |
| Name of part/section of a work | Confrontaciones y consultoria de mediadores |
| 264 #1 - PRODUCTION, PUBLICATION, DISTRIBUTION, MANUFACTURE, AND COPYRIGHT NOTICE | |
| Place of production, publication, distribution, manufacture | México : |
| Name of producer, publisher, distributor, manufacturer | Centro Regional de Ayuda Técnica |
| Date of production, publication, distribution, manufacture, or copyright notice | 1973 |
| 300 ## - PHYSICAL DESCRIPTION | |
| Extent | 166 p. |
| Dimensions | 21 cm. |
| 505 ## - FORMATTED CONTENTS NOTE | |
| Formatted contents note | 1. Introducción - 2. Hugo-Germán: negación de una relación - 3. Alberto-Jorge: negociación de un conflicto intensamente sentido - 4. Jaime - Carlos: la búsqueda de un ajuste - 5. Modelo de diagnóstico de conflicto interpersonal - 6. Confrontaciones y funciones estratégicas del mediador - 7. Intervenciones del mediador y elecciones tácticas - 8. Cualidades del mediador - 9. Resúmen y conclusiones - Glosario |
| 590 ## - LOCAL NOTE (RLIN) | |
| Local note | niveau_biblio:m niveau_hierar:0 |
| 700 1# - ADDED ENTRY--PERSONAL NAME | |
| Personal name | Gaos, Angel |
| 942 ## - ADDED ENTRY ELEMENTS (KOHA) | |
| Koha item type | |
| Withdrawn status | Lost status | Damaged status | Not for loan | Home library | Current library | Shelving location | Date acquired | Total checkouts | Full call number | Barcode | Date last seen | Price effective from | Koha item type |
|---|---|---|---|---|---|---|---|---|---|---|---|---|---|
| Biblioteca Prof. Eusebio Cleto del Rey | Biblioteca Prof. Eusebio Cleto del Rey | 07/04/2026 | 658.3 W238 | L25110 | 07/04/2026 | 07/04/2026 | Libro | ||||||
| Biblioteca Prof. Eusebio Cleto del Rey | Biblioteca Prof. Eusebio Cleto del Rey | 07/04/2026 | 658.3 W238 | L25104 | 07/04/2026 | 07/04/2026 | Libro |